000 00287nam a22001337a 4500
020 _a0-7214-2044-3
082 _a823
_bJEA/L
100 _aJEAN
100 _aADAMSON, GARETH
245 _aLITTLE SHOPPERS
260 _aLONDON
_bLADYBIRD
650 _aENGLISH SHORT STORY
_zUK
942 _cBK
999 _c4100
_d4100